Music Quiz

Random Music or Numbers Quiz

Top Country Songs of 2008 Quiz Stats

 Plays Quiz not verified by Sporcle

Challenge
Share
Tweet
Embed
Score 0/40 Timer 08:00
0 Plays Today
Number Song % Correct
1.All American Girl
60.8%
2.Love Story
55.4%
4.Just A Dream
55.4%
6.Last Name
50%
22.How Great Thou Art
36.5%
23.Dont
31.1%
30.Chicken Fried
31.1%
21.Dont Think I Dont Think About It
25.7%
13.Gunpowder And Lead
23%
11.All I Want To Do
21.6%
7.Good Time
20.3%
14.Troubador
18.9%
17.Shouldve Said No
18.9%
34.Johnny And June
18.9%
20.Picture To Burn
17.6%
29.That Song In My Head
14.9%
31.Love Dont Live Here
14.9%
9.Waitin On A Woman
13.5%
24.God Love Her
13.5%
25.Already Gone
13.5%
Number Song % Correct
26.She Wouldnt be Gone
13.5%
33.Do You Believe Me Now
13.5%
40.Im Still A Guy
13.5%
3.Your Gonna Miss This
12.2%
12.Lookin For A Good Time
12.2%
18.Home
12.2%
19.Everybody Wants To Go To Heaven
12.2%
38.Letter To Me
12.2%
32.Shiftwork
10.8%
37.Country Man
10.8%
35.More Like Her
9.5%
5.Muddy Water
8.1%
10.Small Town Southern Man
8.1%
36.I Still Miss You
8.1%
27.Gone Gone Gone
6.8%
15.Every Other Weekend
5.4%
16.You Look Good In My Shirt
5.4%
28.Im Only Me When Im With You
5.4%
39.Every Day
5.4%
8.Dont You Know Your Beatiful
4.1%

You're not logged in!

Compare scores with friends on all Sporcle quizzes.
Join for Free
OR
Log In

You Might Also Like...

Show Comments

Extras

Top Quizzes Today


Score Distribution

Your Account Isn't Verified!

In order to create a playlist on Sporcle, you need to verify the email address you used during registration. Go to your Sporcle Settings to finish the process.

Report this User

Report this user for behavior that violates our Community Guidelines.

Details: